书目信息 |
| 题名: |
如此法国
|
|
| 作者: | 车耳 著 | |
| 分册: | ||
| 出版信息: | 北京 科学出版社 2006.03 |
|
| 页数: | 277页 | |
| 开本: | 24cm | |
| 丛书名: | 车耳旅居文化系列 | |
| 单 册: | ||
| 中图分类: | K956.5 | |
| 科图分类: | ||
| 主题词: | 地理 | |
| 电子资源: | ||
| ISBN: | 7-03-012080-9 | |
| 000 | 00572 nam 000229 | |
| 001 | 0100002067 | |
| 005 | 20070901153941.40 | |
| 010 | @a7-03-012080-9@dCNY25.00 | |
| 100 | @a20070807d2006 em y0chiy0121 ea | |
| 101 | @achi | |
| 102 | @aCN@b110000 | |
| 105 | @ay z 000yy | |
| 200 | 10 | @a如此法国@9ru ci fa guo@f车耳著@Fche er zhu |
| 210 | @a北京@c科学出版社@d2006.03 | |
| 215 | @a277页@d24cm | |
| 225 | @a车耳旅居文化系列 | |
| 606 | @a地理 | |
| 690 | @aK956.5@v4 | |
| 701 | 0 | @a车耳@9che er@4著 |
| 801 | @aCN@c20070901 | |
| 901 | @a000003 | |
| 905 | @dK956.5@eC327 | |
| 如此法国/车耳著.-北京:科学出版社,2006.03 |
| 277页;24cm.-(车耳旅居文化系列) |
| ISBN 7-03-012080-9:CNY25.00 |
| ● |
| 相关链接 |
|
|
|
正题名:如此法国
索取号:K956.5/C327
 
预约/预借
| 序号 | 登录号 | 条形码 | 馆藏地/架位号 | 状态 | 备注 |
| 1 | 644467 | 206444677 | 社科库309/309社科库 28排4列4层/ [索取号:K956.5/C327] | 在馆 | |
| 2 | 644468 | 206444686 | 社科库309/309社科库 28排4列4层/ [索取号:K956.5/C327] | 在馆 | |
| 3 | 644469 | 206444695 | 社科库309/309社科库 28排4列4层/ [索取号:K956.5/C327] | 在馆 |